000 01033nac a22003137a 4500
001 BR2012005301
003 BR-BrBNA
005 20240105123940.0
008 230509b bl.|||m| |||| 00| 0 por d
040 _aBR-BrBNA
_bpor
_cBiblioteca Nacional de Agricultura
072 _aF08; F40; F01
090 _a8956 BR2012005301
100 1 _aHamerschmidt, I.
100 1 _aToledo, M.V.
100 1 _aPopia, A.F.
100 1 _aAssis, O.
110 1 _aInstituto Paranaense de Assistência Técnica e Extensão Rural, Curitiba, PR (Brasil)
_96553
245 1 _aManual de olericultura orgânica
260 3 _aCurititba, PR (Brasil):
_c2012.
300 _a130 p.
490 _aInformação Técnica - Instituto Paranaense de Assistência Técnica e Extensão (Brazil)
_vno. 109
_x
500 _a95 illus.; 12 tables; 20 ref.
650 _aOLERICULTURA
650 _aAGRICULTURA ORGÂNICA
650 _aECOLOGIA VEGETAL
650 _aHORTICULTURA
909 _a202312
_bLúcia Elande
_c55
_dLúcia Elande
942 _2AGRIS
_n0
_cMS
999 _c297687
_d297687